ბათუმის შოთა რუსთაველის სახელმწიფო უნივერსიტეტის ბიბლიოთეკა

Треугольные и жордановы представления линейных операторов. (ბიბ.ჩანაწერი № 38895)

000 -LEADER
fixed length control field 00674nam a2200205Ia 4500
001 - CONTROL NUMBER
control field 5310
003 - CONTROL NUMBER IDENTIFIER
control field GE_BSU
008 - FIXED-LENGTH DATA ELEMENTS--GENERAL INFORMATION
fixed length control field 181216s||||||||xx |||||||||||||| ||und||
040 ## - CATALOGING SOURCE
Transcribing agency GE_BSU
080 ## - UNIVERSAL DECIMAL CLASSIFICATION NUMBER
Universal Decimal Classification number 517.983
100 ## - MAIN ENTRY--PERSONAL NAME
Personal name Бродский, М.С.
245 ## - TITLE STATEMENT
Title Треугольные и жордановы представления линейных операторов.
245 ## - TITLE STATEMENT
Statement of responsibility, etc. Гл. ред. физ.-мат. лит-ры.
260 ## - PUBLICATION, DISTRIBUTION, ETC.
Place of publication, distribution, etc. Москва
260 ## - PUBLICATION, DISTRIBUTION, ETC.
Name of publisher, distributor, etc. Наука
260 ## - PUBLICATION, DISTRIBUTION, ETC.
Date of publication, distribution, etc. 1969
300 ## - PHYSICAL DESCRIPTION
Extent 287 с. 22 см.
653 ## - INDEX TERM--UNCONTROLLED
Uncontrolled term Треугольные и жордановы представления линейных операторов.
942 ## - ADDED ENTRY ELEMENTS (KOHA)
Koha item type წიგნი
ეგზემპლარები
Withdrawn status Lost status Damaged status Not for loan Date acquired Barcode Date last seen Price effective from Koha item type Public note
        2018-12-17 16443 2018-12-17 2018-12-17 წიგნი დარბაზი